| 000 | 00511nam a2200193 a 4500 | ||
|---|---|---|---|
| 001 | 5955 | ||
| 003 | CDMR | ||
| 005 | 20130610122623.0 | ||
| 008 | 130220s2002||||||||||||||||||||||||||||d | ||
| 020 | _a8475969364 | ||
| 040 |
_aCDMR _bcat _cCDMR |
||
| 100 | 1 |
_aGaziel _949 |
|
| 245 | 1 | 2 |
_aL'exprés de França _b: tres històries de París _cGaziel |
| 260 |
_aBarcelona _bSelecta _c2002 |
||
| 300 |
_a174 p ; _c15 cm |
||
| 490 | 0 |
_aButxaca62 _v128 |
|
| 650 | 0 | 4 |
_aPeriodistes catalans _vBiografia _93139 |
| 942 |
_cMON _2udc |
||
| 999 |
_c5955 _d5955 |
||